000 00695nam a2200169 a 4500
008 120416s2003 ||||||||||||||||| || u
050 _aIBRD(06)DD/2003/4
100 _aAbadzi, Helen
245 1 0 _aImproving adult literacy outcomes: lessons from cognitive research for developing countries
260 _aWashington, D.C.
_bWorld Bank
_c2003
350 _a0.00
490 _aDirections in development
650 _aADULT EDUCATION--DEVELOPING COUNTRIES
650 _aLITERACY--ADULT--DEVELOPING COUNTRIES
710 _aWorld Bank
995 _D0.00
_FCBU-MAIN LIBRARY (Kitwe)
_H1
_I0.00
_M1
_UAVAILABLE
_WNov 30, 2007
_ZInternational Publications
999 _c46478
_d46478